Shrimp culture : Pond design, operation and management
This book provides a description of principles and practices of shrimp culture at one point in time and documents both historical events and conditions now. It also tries to look into the future. The volume provides both practical information about shrimp culture, as well as basic information on shr...
Guardat en:
| Autor principal: | |
|---|---|
| Format: | Llibre |
| Idioma: | Undetermined |
| Publicat: |
Philippines
Aquaculture Department, Southeast Asian Fisheries Development Center
1986
|
| Matèries: | |
| Etiquetes: |
Afegir etiqueta
Sense etiquetes, Sigues el primer a etiquetar aquest registre!
|
| Thư viện lưu trữ: | Trung tâm Học liệu Trường Đại học Cần Thơ |
|---|
| LEADER | 01068nam a2200205Ia 4500 | ||
|---|---|---|---|
| 001 | CTU_150676 | ||
| 008 | 210402s9999 xx 000 0 und d | ||
| 082 | |a 639.63 | ||
| 082 | |b K95 | ||
| 100 | |a Kungvankij, P. | ||
| 245 | 0 | |a Shrimp culture : | |
| 245 | 0 | |b Pond design, operation and management | |
| 245 | 0 | |c P. Kungvankij and T. E. Chua | |
| 260 | |a Philippines | ||
| 260 | |b Aquaculture Department, Southeast Asian Fisheries Development Center | ||
| 260 | |c 1986 | ||
| 520 | |a This book provides a description of principles and practices of shrimp culture at one point in time and documents both historical events and conditions now. It also tries to look into the future. The volume provides both practical information about shrimp culture, as well as basic information on shrimp biology. It should be of value to researchers, consultant practitioners and potential investors in the marine shrimp culture industry. | ||
| 650 | |a Aquaculture,Nuôi trồng thủy sản | ||
| 904 | |i Trọng Hải | ||
| 980 | |a Trung tâm Học liệu Trường Đại học Cần Thơ | ||